[Event "USA-ch"]
[Site "San Diego"]
[Date "2004.11.30"]
[Round "6"]
[White "Goldin, Alexander"]
[Black "Altounian, Levon"]
[Result "1-0"]
[WhiteElo "2620"]
[BlackElo "2456"]
[Annotator "Huzman,A"]
[PlyCount "123"]
[EventDate "2004.11.24"]
[EventType "swiss"]
[EventRounds "9"]
[EventCountry "USA"]
[SourceTitle "CBM 105"]
[Source "ChessBase"]
[SourceDate "2005.04.11"]
[SourceVersion "1"]
[SourceVersionDate "2005.04.11"]
[SourceQuality "1"]

1. d4 d5 2. c4 dxc4 3. e3 c5 4. Bxc4 cxd4 5. exd4 Qc7 6. Bb3 Bg4 7. f3 Bd7 8.
Nc3 Nf6 9. Nge2 e6 10. Bg5 (10. Ne4 Be7 11. O-O O-O 12. Bf4 Qb6 13. Kh1 Bc6 14.
N2c3 Rd8 15. Qe1 Nxe4 16. fxe4 Qxd4 17. Qg3 Nd7 18. Rad1 Qc5 19. Be3 Qe5 $2 20.
Rxd7 $18 {1-0 Piven,I-Zimmer,R/Aschach 1994/EXT 97 (39)}) (10. Bf4 Bd6 11. Qd2
O-O (11... Bxf4 12. Nxf4 O-O 13. O-O Nc6 14. d5 exd5 15. Ncxd5 Nxd5 16. Nxd5
Qe5 17. Rfe1 Qd4+ 18. Qxd4 Nxd4 19. Ne7+ Kh8 20. Rad1 Nxb3 21. Rxd7 $16 {
1-0 Chabanon,J-Giffard,N/France 2002/EXT 2003 (54)}) 12. O-O (12. Rc1 Nc6 13.
O-O Bxf4 14. Nxf4 Qb6 15. Rfd1 Na5 16. Na4 Bxa4 17. Bxa4 Rfd8 $15 {0-1 Sadiku,
B-Sulava,N/Zuerich 1995/EXT 98 (87)}) 12... Nc6 (12... Bc6 13. Rac1 Bxf4 14.
Nxf4 Qb6 15. Qf2 Re8 16. d5 Qxf2+ 17. Kxf2 exd5 18. Ncxd5 Nxd5 19. Bxd5 Bxd5
20. Nxd5 Na6 21. Nc7 Nxc7 22. Rxc7 $16 {1-0 Martyn,R-Tatlow,S/Torquay 2002/CBM
91 (59)}) 13. d5 exd5 14. Nxd5 Nxd5 15. Bxd6 Qxd6 16. Qxd5 Qe7 17. Nf4 Qe3+ 18.
Kh1 Rad8 $11 {1/2-1/2 Blauert,J-Varga,Z/Budapest 1999/CBM 71 ext (24)}) (10.
Be3 Be7 11. Rc1 Bc6 12. O-O O-O 13. Kh1 Rd8 14. Qc2 Qa5 15. Nf4 Na6 16. Qe2 Nc7
17. Nd3 Qa6 $11 {1/2-1/2 Butnorius,A-Sermek,D/Plovdiv 2003/CBM 98 no vc (59)})
10... Be7 11. Rc1 (11. O-O O-O 12. Rc1 Bc6 13. Kh1 Na6 14. Qd2 Rad8 15. Rfd1
Qd7 16. Ng3 Nc7 17. Bf4 Rc8 18. Be5 Rfd8 19. Qe1 Ncd5 20. Nge4 b6 21. Bxd5 Bxd5
22. Bxf6 gxf6 23. Qh4 $36 {1-0 Sturua,Z-Miles,A/Biel 1995/CBM 48 ext (35)}) (
11. Qd2 O-O 12. O-O Bc6 {1/2-1/2 Mikhalchishin,A-Sermek,D/Bled 1996/CBM 55 ext
(12)}) 11... Bc6 (11... Nc6 12. O-O Rd8 13. Kh1 Bc8 14. Qe1 O-O 15. Be3 Qb8 {
1/2-1/2 Horvath,J-Stajcic,N/Budapest 1995/CBM 46 ext (15)}) 12. Bxf6 (12. O-O
O-O 13. Qd3 (13. Qd2 Rd8 14. Qe3 Qb6 15. Kh1 Nbd7 16. Rcd1 Nf8 17. Ng3 Rd7 18.
Nge4 Rad8 19. Bxf6 gxf6 20. Nc5 Bxc5 21. dxc5 Rxd1 22. Rxd1 Rxd1+ 23. Nxd1 Qb5
24. h3 Nd7 $17 {0-1 Kosintseva,T-Koneru,H/Goa 2002/CBM 91 ext (43)}) 13... Rd8
14. f4 Nbd7 15. Qh3 Nf8 16. f5 e5 17. d5 Qb6+ 18. Kh1 Bb5 19. Nxb5 Qxb5 20. Nc3
Qb4 21. Rcd1 a5 22. d6 Rxd6 23. Bxf6 Rxd1 24. Rxd1 Bxf6 25. Qh5 g6 26. fxg6
hxg6 27. Qf3 Kg7 28. g4 (28. Bxf7 $1) 28... Qe7 29. Rf1 $36 {1/2-1/2 Dinstuhl,
V-Grund,H/Germany 1999/GER-chT (86)}) 12... Bxf6 13. d5 exd5 (13... Na6 $5 14.
dxc6 Rd8 15. Qc2 Nb4 16. Qb1 Nd3+ 17. Kf1 Nxc1 (17... Qb6 18. Ne4 $16) 18. Qxc1
$16) 14. Nxd5 Qa5+ (14... Qd8 15. Nxf6+ Qxf6 16. Qd4 $1 Nd7 17. Qxf6 Nxf6 18.
Nd4 Bd5 19. Kf2 $16) 15. Nec3 Bxc3+ (15... Nd7 16. Nxf6+ Nxf6 17. Qe2+ Kf8 18.
O-O Qc5+ (18... g6 19. Qc4 $16) 19. Kh1 Re8 20. Qd3 g6 21. Ne4 Qe5 22. Nd6 $36)
16. Rxc3 O-O 17. O-O $36 Bxd5 18. Qxd5 Nc6 (18... Qb6+ $5 19. Qc5 (19. Kh1 Nc6
$11) 19... Qxc5+ 20. Rxc5 Na6 21. Rd5 (21. Re5 Rfe8 22. Rfe1 Kf8 23. Bd5 Nb4
$132) 21... Rac8 22. Re1 Nc5 $14) 19. Qxa5 Nxa5 20. Rd1 Rfd8 (20... Nxb3 21.
Rxb3 b6 22. Rd7 Rfd8 23. Rbd3 $16) 21. Bd5 $14 {The strong Bd5 gives White an
advantage, but with precize defence Black can hold the position.} Rd7 22. Rcd3
Kf8 23. Be4 Rxd3 24. Rxd3 Ke7 $2 (24... Rc8 $1 25. Rd5 $1 (25. b4 Rc1+ 26. Kf2
Nc4 27. Rd7 Ra1 28. Bd5 Rxa2+ 29. Kg3 Ne5 30. Rxb7 Rd2 31. Be4 Rd7 $14) 25...
Nc6 26. Rd7 Nd8 27. Kf2 Ke8 $14) 25. Rd5 (25. b4 $5 Nc6 26. b5 Nd8 27. Re3 Kf6
(27... Kd6 28. Bxh7 g6 29. f4 $16) 28. Rc3 $16) 25... Nc4 (25... Nc6 $2 26. Rb5
$1 $16) 26. Rc5 Nd6 27. Bxb7 $16 Nxb7 (27... Rb8 $142 28. Bd5 Rxb2 29. Rc7+ Kf6
30. Rxa7 $16) 28. Rc7+ Ke6 29. Rxb7 Rc8 30. Kf2 Rc2+ 31. Kg3 a5 32. Rb6+ Ke7
33. a4 h5 34. h4 g6 35. b3 Rb2 36. Rb5 f6 37. Kf4 Ke6 38. g3 Ke7 39. Rb7+ Ke6
40. Rb5 Ke7 41. g4 hxg4 42. fxg4 Ke6 43. g5 $1 {[%csl Rg6]} Rf2+ $2 (43...
fxg5+ $142 44. hxg5 Rf2+ 45. Ke4 $18) 44. Kg3 Rb2 45. Rb6+ Ke7 46. gxf6+ Kf7
47. Kf4 $1 Rh2 48. Ke5 Rxh4 49. Rb7+ Kf8 50. b4 $1 $18 axb4 51. a5 b3 52. Rxb3
Ra4 53. Rb8+ Kf7 54. Rb7+ Kf8 55. Ra7 Ra1 56. a6 Ra2 57. Ra8+ Kf7 58. a7 Ra5+
59. Kd4 Ra4+ 60. Kc3 g5 61. Rh8 Ra3+ 62. Kd2 1-0

[Event "EU-Cup 19th"]
[Site "Rethymno"]
[Date "2003.09.28"]
[Round "1.2"]
[White "Dreev, Alexey"]
[Black "Christensen, Tobias"]
[Result "1-0"]
[WhiteElo "2698"]
[BlackElo "2371"]
[Annotator "Huzman,A"]
[PlyCount "45"]
[EventDate "2003.09.28"]
[EventType "team-swiss"]
[EventRounds "7"]
[EventCountry "GRE"]
[SourceTitle "CBM 098"]
[Source "ChessBase"]
[SourceDate "2004.02.03"]
[SourceVersion "1"]
[SourceVersionDate "2004.02.03"]
[SourceQuality "1"]
[WhiteTeam "Norilsk Nikel"]
[BlackTeam "Aarhus"]
[WhiteTeamCountry "RUS"]
[BlackTeamCountry "DEN"]

1. d4 d5 2. c4 dxc4 3. e4 e5 4. Nf3 exd4 5. Bxc4 Bb4+ 6. Nbd2 Nc6 7. O-O Nf6 8.
e5 Nd5 9. Nb3 Nb6 10. Bg5 Be7 11. Bxe7 Qxe7 (11... Nxe7 12. Bd3 Bf5 $6 13.
Nfxd4 Bxd3 14. Qxd3 O-O 15. Rad1 Qd5 16. Qe2 Nc6 (16... Qc4 $6 17. Qxc4 Nxc4
18. Rc1 Nxe5 19. Rxc7 Nd5 20. Rxb7 Rfb8 21. Rxb8+ Rxb8 22. Rd1 Nb4 23. a3 Nbd3
24. Rd2 $16 {Beljawski-Tal, Reykjavik 1988}) 17. Nxc6 Qxc6 18. Na5 Qa4 19. Nxb7
Qxa2 $14 {Nikolic-Hübner, Barcelona 1989}) 12. Bb5 Bd7 (12... O-O $2 13. Bxc6
bxc6 14. Qxd4 Be6 15. Rfe1 Bd5 16. Qf4 Rfe8 17. Rac1 a5 18. Nfd4 a4 19. Nf5 Qe6
20. Nbd4 Qg6 21. Ne3 $16 {Wilder-Lazic, GMA-Open Belgrad 1988}) 13. Bxc6 Bxc6
14. Nfxd4 Bd5 15. Qg4 h5 (15... O-O 16. f4 (16. Rfe1 g6 17. Nf5 Qd7 18. Nh6+
Kh8 19. Qf4 Qe7 20. Nc5 Be6 21. Qf6+ Qxf6 22. exf6 Nd5 23. Rac1 c6 24. Nxe6
fxe6 25. Rxe6 {1/2-1/2 Punteri,M-Herman,L/IECG 2002/Telechess CBM 95 (25)})
16... g6 (16... Bxb3 17. Nf5 Qc5+ 18. Kh1 g6 19. axb3 Nd5 $13 {Analyse
Beliavsky,A; Inf.46/507}) 17. Rae1 (17. Nf5 Qd7 (17... Qd8 18. Nh6+ Kg7 19. Qg5
Bxb3 20. axb3 Nd5 21. Ng4 f5 22. exf6+ Nxf6 23. Nxf6 Rxf6 24. Rad1 {1/2-1/2
Goldin,A-Rublevsky,S/Niksic 1997/EXT 2002 (24)}) 18. Nh6+ Kg7 19. Qg5 (19. Rfd1
Qe8 (19... Qxg4 $5 $11) 20. Qg5 f5 21. Nd4 Be4 22. Rac1 c6 23. g4 Kh8 24. gxf5
gxf5 25. Rc3 Qd8 26. Rg3 Qxg5 27. Rxg5 Bd5 28. Rd3 c5 29. Ndxf5 $18 {1-0 Noack,
M-Vorobyev,A/IECG 2003/Telechess CBM 95 (42)}) 19... Bxb3 (19... f6 20. exf6+
Rxf6 21. Nd4 Re8 22. Ng4 Rff8 23. f5 c5 24. fxg6 cxd4 25. Rf7+ {1-0 Michaelsen,
N-Putzbach,G/Hamburg 1991/TD (25)}) 20. axb3 Qd8 21. Nf5+ Kh8 22. Ne7 Nd5 23.
Nxd5 Qxd5 $11 {1/2-1/2 Sokolov,I-Huebner,R/Haifa 1989/EU-chT (66)}) (17. Rfe1
f5 18. Qg3 c5 19. Nb5 Nc4 20. Rad1 Be6 21. Qc3 b6 22. Nd2 Nxd2 23. Rxd2 Rad8
24. Nd6 Rd7 25. a4 $16 {1-0 Michaelsen,N-Putzbach,G/Hamburg 1991/CBM 24 ext 
(36)}) 17... f5 $146 (17... Bc4 18. f5 Bxf1 19. f6 Qb4 20. Qh4 Rfe8 21. a3 Qf8
22. e6 Bc4 (22... Kh8 23. e7 Qg8 24. Kxf1 $44) 23. e7 Rxe7 24. fxe7 Qe8 25. Nc5
$36 {1/2-1/2 Sakaev,K-Rublevsky,S/Vrnjacka Banja 1999/EXT 2000 (37)}) 18. exf6
Qxf6 19. f5 Bc4 $1 20. Rf3 Bd5 (20... Rae8 $5) 21. Rff1 Bc4 22. Rf3 Bd5 23.
Rff1 {1/2-1/2 Sherbakov,R-Rublevsky,S/Ekaterinburg 2002/CBM 90/[Huzman] (23)})
(15... g6 16. Rfe1 (16. f4 c5 17. Nb5 O-O 18. Nc3 (18. Nd6 Nc4 19. Nf5 Qe6 20.
Nh6+ Kh8 21. Qg5 b6 22. Rae1 Rae8 23. Ng4 Qf5 24. Qh4 Qh5 25. Qg3 Rd8 26. e6
fxe6 27. Qc3+ Kg8 28. Nf6+ Rxf6 29. Qxf6 Rf8 $44 {1/2-1/2 Milanovic,
D-Matulovic,M/Belgrade YUG 2001/ (43)}) 18... Rad8 19. Rae1 f5 20. Qg3 {
1/2-1/2 Khalifman,A-Ivanchuk,V/Istanbul TUR 2000/ (20)}) 16... Rd8 (16... c5
17. e6 f6 (17... f5 18. Nxf5 gxf5 19. Qh5+ Kd8 20. Rad1 $44) 18. Nb5 O-O 19.
Nc3 Rfd8 20. Nxd5 Rxd5 21. Rad1 Rad8 22. Rxd5 Rxd5 23. h3 $14 {1-0 Izeta
Txabarri,F-Schulz,K/San Sebastian 1990/EXT 2000 (40)}) (16... Nd7 17. e6 $1) (
16... O-O 17. Nf5 Qd7 18. Nh6+ Kg7 (18... Kh8 19. Qf4 f5 20. e6 Qg7 21. Nf7+
Kg8 22. Nh6+ Kh8 23. Nf7+ Kg8 24. Nc5 Rae8 $14 {0-1 Petursson,M-Spangenberg,H/
Linares 1995/CBM 45 ext (39)}) 19. Qg5 $16 Be6 {'N' Huzman. 'N' Huzman.} (19...
f6 20. exf6+ Rxf6 21. Re7+ $6 (21. Nd4 $1 $18 Bf7 22. Rad1) 21... Qxe7 22. Nf5+
Rxf5 23. Qxe7+ Rf7 $14 {1/2-1/2 Kasparov,G-Huebner,R/Skelleftea 1989/Inf 48/
[Huebner,R] (61)}) 20. Nc5 Qd8 21. h4 Nd5 22. Rac1 b6 23. Nxe6+ fxe6 24. Rc6
Qd7 25. Rec1 $14 {1-0 Zeliakov,N-Kreiman,B/FIDE.com 2002/EXT 2003 (57)}) (16...
h5 17. Qh3 O-O 18. f4 c5 19. Nb5 Nc4 20. f5 Qg5 21. Nc7 Rad8 22. e6 fxe6 23.
Nxe6 Bxe6 24. fxe6 $16 {0-1 Hegeler,F-Putzbach,G/Hamburg 1990/EXT 97 (39)}) 17.
e6 Qf6 18. Nb5 fxe6 19. Nxc7+ Kf7 20. Nc5 h5 21. Qb4 e5 22. Rac1 $16 {1/2-1/2
Dreev,A-Grischuk,A/Wijk aan Zee 2002/CBM 87 (87)}) 16. Qh3 (16. Qxg7 O-O-O 17.
Nf5 Qb4 $44 {[%cal Yh8g8,Yg8g2]}) 16... Bxb3 $1 (16... Qd7 17. e6 fxe6 18. Nc5
Bxg2 19. Qxg2 Qxd4 20. Nxe6 $18) 17. axb3 Qd7 18. Qe3 O-O-O (18... O-O 19. Ra5
$1 (19. e6 fxe6 20. Nxe6 Rfe8 21. Rfe1 Nd5 22. Qe5 c6 $11) (19. Rfd1 Rfe8) (19.
Rfe1) 19... Nd5 20. Qe4 c6) 19. Rfd1 Rh6 $2 (19... Kb8 20. b4) 20. h3 (20. Qf3
$1 {[%cal Gd4f5]} Rg6 (20... Rhh8 21. Rxa7 c5 22. Rc1 Kb8 23. e6 $1 fxe6 24.
Nb5 e5 25. Rca1 $40) 21. e6 fxe6 22. Nc6 $1 Qxc6 23. Rxd8+ Kxd8 24. Qd3+ $18 {
[%cal Gd3d8,Gd3g6]}) 20... a6 21. Qf3 $1 $16 g6 $2 {[%mdl 8192]} (21... Rhh8
22. Nf5 Qe6 23. Nxg7 Qxe5 24. Qxf7 $16) (21... Nd5 22. b4 Kb8 23. b5 axb5 24.
Ra5 $40) 22. e6 $1 fxe6 23. Nxe6 (23. Nxe6 Qxe6 24. Rxd8+ Kxd8 25. Qf8+ Qe8 26.
Qxh6) 1-0

[Event "FIDE World Cup"]
[Site "Khanty-Mansiysk"]
[Date "2005.12.02"]
[Round "2.4"]
[White "Dreev, Alexey"]
[Black "Paragua, Mark"]
[Result "1-0"]
[WhiteElo "2694"]
[BlackElo "2596"]
[Annotator "Huzman,A"]
[PlyCount "79"]
[EventDate "2005.11.27"]
[EventType "k.o."]
[EventRounds "7"]
[EventCountry "RUS"]
[SourceTitle "CBM 111"]
[Source "ChessBase"]
[SourceDate "2006.04.04"]
[SourceVersion "1"]
[SourceVersionDate "2006.04.04"]
[SourceQuality "1"]

1. d4 d5 2. c4 dxc4 3. e4 e5 4. Nf3 exd4 5. Bxc4 Bb4+ 6. Nbd2 Nc6 7. O-O Nf6 8.
e5 Nd5 9. Nb3 Nb6 10. Bb5 Qd5 11. Nbxd4 O-O 12. Bxc6 (12. Nxc6 Qxb5 13. Nxb4
Qxb4 14. Qc2 Qc4 15. Qxc4 Nxc4 16. b3 (16. Rd1 Bg4 17. Rd4 Rfd8 18. Be3 Nxe3
19. fxe3 Be6 $17 {0-1 Solozhenkin,E-Rublevsky,S/Paris 1993/TD (60)}) 16... Nb6
17. h3 (17. Nd4 Nd5 18. f4 Re8 19. Bb2 Bd7 20. Rac1 Rac8 21. Ba3 g6 22. Rc5 c6
23. Rcc1 b6 24. Bd6 c5 25. Nc2 Bf5 $11 {1-0 Zoler,D-Zoebisch,H/Graz 2002/EXT
2003 (56)}) (17. Re1 Nd5 18. Ba3 Re8 19. h3 b6 20. Rad1 Bb7 21. Nd4 Rad8 22. e6
c5 23. exf7+ Kxf7 24. Rxe8 Kxe8 $2 25. Ne6 Rd7 26. Bxc5 $16 {1/2-1/2 Ziegler,
A-Svensson,B/KM 1993 (47)}) 17... Re8 18. Bb2 a5 19. Rac1 Nd5 20. Rfd1 Be6 21.
Nd4 c6 22. Nxe6 Rxe6 23. a4 h5 24. Rc4 Rae8 $11 {1/2-1/2 Peters,C-Roth,T/
Hamburg 1990/EXT 97 (64)}) 12... bxc6 13. Qc2 c5 14. Ne2 (14. Nb5 Qc6 15. a3
Qxb5 16. axb4 cxb4 (16... Qxb4 17. Ng5 g6 18. Ne4 Bf5 19. Nf6+ Kh8 20. Qe2 Rfd8
21. Qe3 $36 {1-0 Deep Fritz-Shredder 5/Cadaques ESP 2001/(87)}) 17. Ng5 g6 18.
Qxc7 Nd5 19. Qa5 Qxa5 20. Rxa5 Be6 21. Ne4 {1/2-1/2 Speelman,J-Huebner,R/
Muenchen 1992/Inf 54 (21)}) 14... c4 15. Nf4 Qb5 {By attacking the e-pawn, the
Q is limiting White's choice of options.} (15... Qc6 16. a3 Be7 17. Be3 Bb7 18.
Nd4 Qe8 19. Rfe1 $36 {1/2-1/2 Kharlov,A-Yakovich,Y/Elista 1997/CBM 59 (50)})
16. a3 (16. Be3 $5 Bg4 (16... Bb7 17. Ng5 g6 18. Bd4 Nd7 19. a4 Qa5 20. Qxc4
Ba6 21. Qc6 Bxf1 22. Qxd7 Bc4 23. Nxg6 $1 hxg6 24. Qh3 Rfb8 25. e6 Kf8 26. Qh8+
Ke7 27. Qf6+ Kd6 28. Nxf7+ Kc6 29. e7+ Bd6 30. Ne5+ $18) 17. Ng5 g6 18. Bd4
Rad8 19. Bc3 Bf5 20. Ne4 $36) 16... Be7 17. a4 Qc6 {An almost identical
position has happened in Kharlov-Jakovich game(see above), but White is
slightly favoured since his a-pawn is one step closer to crowning.} (17... Qb3
18. Qe4 (18. Qxb3 cxb3 19. a5 Nc4 20. Nd5 Bd8 $11) 18... Rb8 19. Nd4 $16) 18.
Be3 (18. a5 Nd5 19. Nxd5 Qxd5 20. Bg5 Bxg5 (20... f6 21. Rfd1 Qb5 22. exf6 Bf5
23. Qc3 Bxf6 24. Bxf6 Rxf6 25. Nd4 $16) 21. Nxg5 Qd3 22. Rfc1 h6 23. Nf3 Be6
$14) 18... Bb7 (18... a5 19. Nd4 Qb7 20. Nf5 $16) 19. Nd4 Qe4 20. Qxe4 Bxe4 {
The pair of Bs and counterplay options along the b-file compensate Black's
queenside pawn weaknesses.} 21. Nb5 Rfc8 (21... c6 $5 22. Nxa7 (22. Nd6 Bxd6
23. exd6 Rfd8 24. Rfd1 (24. Bc5 Bc2 25. Rfe1 Nxa4 26. Ba3 c5 $17) 24... Nd5 25.
Rd4 f5 $11) 22... Nd7 23. f3 (23. e6 Nc5 24. Rac1 fxe6 25. Rxc4 Rxf4 26. Bxf4
Rxa7 27. Be3 Rxa4 28. Rxc5 Bxc5 29. Bxc5 $11) 23... Bc5 24. Bxc5 Nxc5 25. fxe4
Rxa7 $11) 22. Nc3 (22. a5 Nd5 (22... g5 23. Nh3 Nd5 24. Bxg5 Bd3 25. Rfd1 Bxg5
26. Nxg5 Rcb8 27. Nc3 c6 28. Rd2 (28. Nge4 Rxb2 29. Nxd5 cxd5 30. Nf6+ Kg7 31.
Nxd5 Rab8 $44) 28... Nxc3 29. bxc3 Rb3 30. Rc1 Rb5 31. f4 Rxa5 32. Kf2 $14) 23.
Nxa7 Nxf4 24. Nxc8 Ne2+ 25. Kh1 Rxc8 26. a6 Ra8 27. a7 $13) 22... Bc6 (22...
Bf5 23. a5 Nd7 24. Ncd5 Bd8 (24... Bg5 25. Ng6 Bxg6 26. Bxg5 Kf8 27. f4 Bd3 28.
Rfd1 Rab8 $132) 25. Bd4 $14) 23. a5 Nd7 24. Nfd5 Bf8 25. Bd4 $14 Rab8 (25...
Nc5 $142 26. Rad1 Rab8 $132) 26. Bxa7 Rxb2 27. Bd4 Nc5 (27... Ba8 28. Rfb1
Rxb1+ 29. Rxb1 c5 30. Be3 Nxe5 31. Nb6 Rb8 32. a6 $16) 28. a6 (28. Bxc5 Bxc5
29. a6 $14 Bxd5 30. Nxd5 Kf8 31. Ra4 Rd2 $132) 28... Rd2 $2 (28... Nxa6 29. Ne4
(29. Rxa6 Bxd5 30. Nxd5 Rd2 $11) 29... c3 30. Bxc3 Rb3 31. Rfd1 Nc5 $11) (28...
Nb3 29. Rad1 Bxd5 30. Nxd5 Ra2 31. a7 c5 $11) 29. Bxc5 Bxc5 30. Ra5 Bb6 (30...
Bf8 31. a7 Rd3 32. Rb1 $18) 31. Ne7+ Kf8 32. Nxc6 Bxa5 33. Nxa5 Ra8 34. Nb5
Rxa6 35. Nxc4 Rc2 36. Ne3 Rc5 37. Nd4 Rxe5 $16 {Black could draw if he only
managed swapping a pair of R - not an easy task, though.} 38. Rb1 g6 39. g3 Rd6
$4 40. Nc4 1-0

[Event "FIDE World Cup 5-8"]
[Site "Khanty-Mansiysk"]
[Date "2005.12.14"]
[Round "6.3"]
[White "Bareev, Evgeny"]
[Black "Rublevsky, Sergei"]
[Result "1-0"]
[WhiteElo "2675"]
[BlackElo "2652"]
[Annotator "Huzman,A"]
[PlyCount "119"]
[EventDate "2005.11.27"]
[EventType "k.o."]
[EventRounds "7"]
[EventCountry "RUS"]
[SourceTitle "CBM 111"]
[Source "ChessBase"]
[SourceDate "2006.04.04"]
[SourceVersion "1"]
[SourceVersionDate "2006.04.04"]
[SourceQuality "1"]

1. d4 d5 2. c4 dxc4 3. e4 e5 4. Nf3 Bb4+ 5. Nc3 exd4 6. Nxd4 Ne7 7. Bf4 $5 $146
{This logical novelty is turning into quite a nasty surprise for Black because
of the rapid game-format.} Bxc3+ (7... O-O 8. Bxc4 Ng6 9. Bg3 $14 Qe7 $140 (
9... Re8 10. Bxf7+ Kxf7 11. Qb3+ Be6 12. Qxb4 Na6 13. Nxe6 (13. Qxb7 Qxd4 14.
Qxa6 Bc4 $44) 13... Nxb4 14. Nxd8+ Raxd8 15. Ke2 $16) 10. O-O Bxc3 11. bxc3
Qxe4 12. Re1 $16) 8. bxc3 Ng6 9. Bg3 Qe7 10. Bxc4 Qxe4+ 11. Qe2 $1 Qxe2+ 12.
Bxe2 $1 O-O (12... c6 13. Bd6 $1 $16) (12... Nc6 13. Bxc7 Bd7 14. Nb5 O-O 15.
Rd1 $36) 13. Bxc7 Bd7 $1 {The imminent counterplay along the "c" file suffices
for Black to equalize.} 14. O-O (14. Rb1 $5 Nc6 $1 15. O-O Nxd4 16. cxd4 Bc6
$14 17. Bb5 Bd5 (17... Rac8 18. Bxc6 bxc6 19. Rb7 Rfe8 20. Rfb1 $36) 18. Bd7 f6
19. Rfc1 Rf7 $14) 14... Rc8 15. Bg3 Rxc3 16. Rfb1 Nc6 17. Nb5 $36 Rc5 18. Nc7
Rc8 (18... Rd8 $5 19. Rxb7 Bc8 20. Rb5 (20. Rb2 Nd4 $132) 20... Rc2 $132) 19.
Rxb7 Nce5 20. f4 R5xc7 21. Rxc7 Rxc7 22. fxe5 Rc2 $11 {Only the time-trouble,
forced upon Black by his quandaries in the opening, prevents Black from
drawing the game.} 23. Bd3 Rd2 24. Bf1 h5 25. h3 h4 $6 {[%csl Rh4]} (25... a5
$11) 26. Bf2 a5 27. a3 Rd5 28. Re1 Bb5 $2 (28... Nxe5 29. Bxh4 f6 $11) 29. Bxb5
Rxb5 30. e6 $14 fxe6 31. Rxe6 Nf4 32. Re4 g5 33. Be3 $1 (33. Bxh4 Nxh3+ 34.
gxh3 gxh4 35. Rxh4 Rb3 $14) 33... Rb1+ $2 (33... Ne2+ 34. Kf2 (34. Kh2 $2 Ng3 {
[%csl Rh2]}) 34... Ng3 $132 (34... Nc3 35. Rd4 Rf5+ 36. Ke1 Nd5 37. Bd2 $14))
34. Kh2 Re1 35. Re5 $16 Nd3 $2 (35... Ng6 $8 36. Rxg5 Rxe3 37. Rxg6+ Kf7 38.
Rg4 $16) 36. Rxg5+ Kh7 37. Bd2 $18 Ra1 38. Rxa5 Ra2 (38... Nf2 39. Rh5+ $18)
39. Bb4 Nf4 40. Rg5 Kh6 41. Rg4 Ng6 42. a4 Kh5 43. a5 (43. Bc3 $1 Rc2 44. Bd4
Ra2 45. Be3 $18) 43... Ne5 44. Rf4 Kg5 45. Rf1 Nd3 46. Be7+ Kh5 47. Rf5+ Kg6
48. Rf3 Ne1 49. Ra3 Rxg2+ 50. Kh1 Rf2 51. Bxh4 Rf1+ 52. Kh2 Nc2 53. Ra4 Ne3 54.
a6 Rf8 55. a7 Ra8 56. Bg3 Nf1+ 57. Kg2 Nxg3 58. Kxg3 Kg5 59. Ra6 Kh5 60. Kf4
1-0

[Event "Petrosian Memorial Internet"]
[Site "ICC INT"]
[Date "2004.12.23"]
[Round "6"]
[White "Sargissian, Gabriel"]
[Black "Bauer, Christian"]
[Result "0-1"]
[WhiteElo "2611"]
[BlackElo "2622"]
[Annotator "Huzman,A"]
[PlyCount "154"]
[EventDate "2004.12.18"]
[EventType "team"]
[EventRounds "6"]
[EventCountry "USA"]
[SourceTitle "CBM 105"]
[Source "ChessBase"]
[SourceDate "2005.04.11"]
[SourceVersion "1"]
[SourceVersionDate "2005.04.11"]
[SourceQuality "1"]

1. d4 d5 2. c4 dxc4 3. e4 Nf6 4. e5 Nd5 5. Bxc4 Nb6 6. Bd3 Nc6 7. Be3 Nb4 8.
Be4 f5 9. exf6 exf6 10. Nc3 f5 11. Bf3 c6 12. Nh3 Bd6 (12... N6d5 13. O-O Be7
14. Nxd5 Nxd5 15. Qb3 Nxe3 16. fxe3 Qb6 $11 {1/2-1/2 Rausis,I-Volzhin,A/Dhaka
2001/CBM 82/[Huzman] (24)}) (12... Be6 13. O-O Bd6 14. Re1 O-O 15. Ng5 Bc4 16.
b3 Bf7 17. Nxf7 Rxf7 18. a3 N4d5 19. Nxd5 Nxd5 20. Bxd5 cxd5 21. Qf3 Qh4 22. g3
Qe4 $15 {1/2-1/2 Zaja,I-Ganguly,S/Istanbul TUR 2000/ (44)}) 13. O-O O-O 14. a3
(14. Nf4 Qc7 15. Rc1 (15. g3 g5 16. Nd3 Nxd3 17. Qxd3 f4 $36) 15... Bxf4 16.
Qb3+ Rf7 17. Bxf4 Qxf4 18. Rfe1 $1 (18. Qxb4 Be6 $11) 18... Be6 $1 19. Qxb4 (
19. Qxe6 Nd3 $19) 19... Rd7 20. Rcd1 Qd6 $11) 14... N4d5 15. Nxd5 cxd5 (15...
Nxd5 16. Bxd5+ cxd5 17. Qf3 Be6 18. Ng5 Qd7 19. Bf4 $14) 16. Bf4 {White
exchanges the black-squared bishops to use the weakness of the black squares.}
(16. Nf4 $5 $36 Bb8 17. Bd2 g5 18. Nd3 $14) 16... h6 17. Qc1 Be6 {[%cal Ya8c8]}
18. Bxd6 Qxd6 19. Qc5 $1 $14 Rfd8 {[%csl Rh3][%cal Yg7g5]} 20. Qxd6 Rxd6 21.
Nf4 g5 22. Nd3 Rc8 23. Nc5 Rc7 24. Rac1 Bf7 25. b3 Nd7 {Black defended his
weaknesses successfully and equalized the game.} 26. Be2 (26. Nd3 Rdc6 27. Rxc6
Rxc6 28. Nb4 Rc3 $132) 26... Nf8 {[%cal Yf8e6]} 27. b4 (27. f4 gxf4 28. Rxf4
Ne6 29. Rh4 Rdc6 $132) 27... b6 28. Nb3 Rdc6 $11 29. Rxc6 $6 (29. Bd3 f4 30.
Rxc6 Rxc6 31. Rc1 Rxc1+ 32. Nxc1 Ne6 33. Ne2 Kg7 $11) 29... Rxc6 30. Rc1 Rxc1+
31. Nxc1 Ne6 32. Nb3 Kf8 33. Bd3 f4 34. Kf1 Be8 $1 $15 {Black already has
better chances due to the weakness of the pawn d4 and the space advantage on
the king's side.} 35. b5 (35. Ke1 Ba4 36. Bf5 Ke7 37. Bxe6 Kxe6 $15) 35... Ke7
36. Ke1 Kd6 37. Kd2 Bd7 38. Kc3 g4 $1 39. Nd2 Ng5 40. Bf1 h5 41. a4 Bf5 $17 42.
Bd3 Ke6 43. f3 $2 (43. Bxf5+ Kxf5 44. Kd3 h4 $17 {[%cal Yh4h3]} (44... Ne4 45.
f3 $11)) 43... g3 $1 $19 44. hxg3 (44. h4 Bxd3 45. Kxd3 Nf7 46. Nb3 Nh8 47. Nc1
Ng6 48. Ne2 Kf5 $19) (44. h3 Bxh3 $19) 44... fxg3 {[%cal Yh5h3]} 45. f4 Ne4+
46. Nxe4 (46. Bxe4 dxe4 47. Nf1 h4 48. Ne3 h3 $19) 46... dxe4 47. Bc4+ Kd6 48.
Kd2 h4 49. Ke3 (49. Bf1 Kd5 50. Ke3 Be6 $22) 49... h3 50. gxh3 Bxh3 51. f5 Bxf5
52. Bf1 Kd5 53. Bg2 Bg6 54. Bh1 Kc4 55. Bg2 Bf7 56. Bxe4 (56. Bf1+ Kb4 57. Kxe4
Bc4 58. Bg2 Kxa4 $19) 56... Bd5 57. Bg6 g2 58. Kf2 Kxd4 59. Be8 Kc5 60. Bd7 Bb3
61. Bh3 Bxa4 62. Bxg2 Bxb5 63. Ke3 Bc4 64. Kd2 b5 65. Kc2 a5 66. Kb2 b4 67. Bf3
a4 68. Bd1 Kb5 69. Bc2 Be2 70. Ka2 a3 71. Ka1 Kc4 72. Ba4 Kc3 73. Ka2 Bc4+ 74.
Ka1 Bd3 75. Bb3 Bc2 76. Ba2 Ba4 77. Be6 Bb5 0-1